<?xml version="1.0" encoding="UTF-8"?><OAI-PMH xmlns="http://www.openarchives.org/OAI/2.0/" xmlns:xsi="http://www.w3.org/2001/XMLSchema-instance"     xsi:schemaLocation="http://www.openarchives.org/OAI/2.0/ http://www.openarchives.org/OAI/2.0/OAI-PMH.xsd"><responseDate>2026-05-15T05:29:17Z</responseDate><request verb="GetRecord" identifier="oai:regmurcia.com:fintegr.2028" metadataPrefix="marc21">http://oai.regmurcia.com/oai2/oai2.php</request><GetRecord><record><header><identifier>oai:regmurcia.com:fintegr.2028</identifier><datestamp>2026-05-15</datestamp><setSpec>documentos</setSpec></header><metadata><record  xmlns="http://www.loc.gov/MARC21/slim" xmlns:xsi="http://www.w3.org/2001/XMLSchema-instance" xsi:schemaLocation="http://www.loc.gov/MARC21/slim http://www.loc.gov/standards/marcxml/schema/MARC21slim.xsd" type="Bibliographic"><leader>00000nam a2200000   4500</leader><controlfield tag="001" >005070987</controlfield><controlfield tag="003" >2028</controlfield><controlfield tag="004" >A00000000</controlfield><datafield tag="245" ind1=" " ind2=" "><subfield code="a">Testimonio de la petición de Francisco Muñoz y Pedro García, maestros tintoreros, quejándose de la intromisión de los genoveses en sus negocios.</subfield></datafield><datafield tag="300" ind1=" " ind2=" "><subfield code="c">220 x 151 mm.</subfield></datafield><datafield tag="300" ind1=" " ind2=" "><subfield code="a">5 fol.</subfield></datafield><datafield tag="351" ind1=" " ind2=" "><subfield code="a">Unidad Documental</subfield><subfield code="c">Archivo de Murcia. Array</subfield><subfield code="a">Unidad Documental</subfield><subfield code="c">Archivo de Murcia. Array</subfield></datafield><datafield tag="351" ind1=" " ind2=" "><subfield code="b">Nº 36</subfield></datafield><datafield tag="520" ind1=" " ind2=" "><subfield code="a">El documento contiene:
- Testimonio de presentación ante el concejo de Murcia de una petición por parte de Francisco Muñoz, jurado, y Pedro García. (1462-03-23. Murcia). Fol. 1r-v
- Petición de Francisco Muñoz y Pedro García, maestros tintoreros, que manifiestan cómo en los últimos tiempos sus negocios de tintes de paños y lanas se han visto perjudicados por la intromisión de genoveses, los cuales causan también gran daño a la ciudad, pues hacen los tintes en los colores que ellos quieren y hacen fraudes en los negocios. Piden al concejo se haga justicia al respecto. Fol. 2r-v
- Presentado el escrito, el concejo de Murcia manifiesta que dará su respuesta. Fol. 2v-3r
- Respuesta del concejo. No aceptan la petición de Francisco Muñoz y Pedro García, pues aducen que el negocio convenido entre el concejo y los genoveses respecto a los tintes es muy beneficioso para la ciudad, pues éstos proporcionan variadas mercancías, y a buen precio. Manifiestan también que no se producen fraudes y engaños en este negocio, pues desde hace tiempo el concejo tomó medidas convenientes para ello. (1462-04-27. Murcia). Fol. 3r-5v</subfield></datafield><datafield tag="583" ind1=" " ind2=" "><subfield code="u">http://www.regmurcia.com/servlet/s.Sl?METHOD=VERDOCUMENTO&amp;sit=serv,Carmesi&amp;n=/01/1296/indice.djvu</subfield></datafield><datafield tag="592" ind1=" " ind2=" "><subfield code="a">1462-03-23/1462-04-27</subfield></datafield><datafield tag="592" ind1=" " ind2=" "><subfield code="d">1462-04-27 00:00:00</subfield></datafield><datafield tag="651" ind1=" " ind2=" "><subfield code="a">Murcia</subfield></datafield><datafield tag="786" ind1=" " ind2=" "><subfield code="o">http://www.regmurcia.com/servlet/s.Sl?METHOD=VERDOCUMENTO&amp;sit=serv,Carmesi&amp;n=/01/1296/indice.djvu</subfield></datafield><datafield tag="856" ind1=" " ind2=" "><subfield code="u">http://www.regmurcia.com/servlet/s.Sl?METHOD=DETALLE&amp;sit=c,373,m,139,serv,Carmesi&amp;id=2028</subfield></datafield></record></metadata></record></GetRecord></OAI-PMH>
